000 00884nam a2200241 a 4500
003 MX-MxUPN
005 20230525063730.0
008 220328s1921 mx a||||r|||| 000 0 spa d
040 _aMX-MxUPN
_bspa
_cMX-MxUPN
041 0 _aspa
049 _aLT
050 4 _aLB1585 M6.3
_bV4.3 1921
100 1 _aVelasco, Toribio
_943867
245 1 0 _aConocimiento de la naturaleza :
_btercer año elemental /
_cToribio Velasco.
250 _a2a ed.
260 _aMéxico :
_bHerrero Hermanos Sucesores,
_c1921.
300 _a210 p. :
_bil.
500 _a"Obra escrita de acuerdo con el espíritu de los nuevos programas de educación primaria e ilustrada con 126 láminas"--portada.
505 8 _tLos animales --
_tLas plantas--
_tEl hombre.
650 4 _aCiencias naturales
_xEstudio y enseñanza (Elemental)
_92812
650 4 _aCiencias naturales
_vLibros de texto
_910151
905 _aLibro
999 _c208300
_d208300